Feasibility study central region rural energy project (Phase II)

Uloženo v:
Podrobná bibliografie
Korporativní autor: Eletricity of Vietnam power company 3
Médium: Kniha
Jazyk:Undetermined
Vydáno: Washington D.C The Word Bank 2003
Témata:
Tagy: Přidat tag
Žádné tagy, Buďte první, kdo otaguje tento záznam!
Thư viện lưu trữ: Trung tâm Học liệu Trường Đại học Cần Thơ
LEADER 00608nam a2200193Ia 4500
001 CTU_62305
008 210402s9999 xx 000 0 und d
082 |a 363.61 
082 |b W927f/vol.3 
110 |a Eletricity of Vietnam power company 3 
245 0 |a Feasibility study central region rural energy project (Phase II) 
245 0 |c Eletricity of Vietnam power company 3 
260 |a Washington D.C 
260 |b The Word Bank 
260 |c 2003 
650 |a electric power tranmission 
650 |x environmental aspects 
904 |a Minh 
980 |a Trung tâm Học liệu Trường Đại học Cần Thơ